| 000 | 01909nam a2200325 i 4500 | ||
|---|---|---|---|
| 001 | 768714001 | ||
| 003 | CO-MdFUSB | ||
| 005 | 20230531160638.0 | ||
| 007 | ta | ||
| 008 | 230504t1984 -sp||||| |||| 00| | spa d | ||
| 020 | _a 9788430109364 | ||
| 040 |
_aCO-MdFUSB _bspa _cCO-MdFUSB _dCO-MdFUSBC _erda |
||
| 041 | _aspa | ||
| 082 |
_223 _a224.607 _bW855 |
||
| 100 |
_aWolff, Hans Walter, _eautor |
||
| 240 | _aDei hochzeit der huve | ||
| 245 |
_aOseas hoy : _blas bodas de la ramera _c/ Hans Walter Wolff ; traducido por Faustino Martínez Goñi |
||
| 264 | 1 |
_aEspaña : _bEdiciones Universidad de Salamanca, _c[1984] |
|
| 264 | 4 | _c© 1984 | |
| 300 |
_a 228 páginas ; _c22 cm |
||
| 336 |
_2rdacontent _atexto _btxt |
||
| 337 |
_2rdamedia _asin mediación _bn |
||
| 338 |
_2rdacarrier _avolumen _bnc |
||
| 505 | _aPrologo -- ¡Toma por mujer a una prostituta! -- El pueblo de Dios crece -- La oposición de Dios -- El sostenimiento de la vida, ¿de donde? -- Reforma en el desierto -- Mi marido -- Repulsa de los ídolos -- Una nueva alianza -- Las bodas de la ramera -- Yo seré propicio -- La renovación de la iglesia -- El conocimiento de Dios y el juicio sobre el mundo -- Solo para teólogos -- Bajo los poderes de la seducción -- Educador de los impenitentes -- Escuela de oración -- Una oración rechazada -- El retorno a Dios, movimiento de vida -- La acción es semilla -- El gran impedimento para la alegría festiva -- ¿Queremos escuchar? -- Vuestro corazón es falso -- La guerra, fruto de una falsa confianza -- ]Inversión del amor -- Traición a la palabra profética -- La rebelión contra el salvador lleva a la muerte -- El nuevo Israel -- ¿Quién entiende las palabras proféticas? | ||
| 563 | _aRustica | ||
| 630 | 0 | 7 |
_aBiblia. _pOseas _xCrítica, interpretación, etc. |
| 700 |
_98187 _aMartínez Goñi, Faustino, _etraductor |
||
| 942 | _cBK | ||
| 945 | _aMag 1104 | ||
| 999 |
_c68839 _d68839 |
||